Welcome to the Holygrace Academy Library

Please use search bar below to get started

HEROES OF OLYMPUS (Record no. 3806)

MARC details
000 -LEADER
fixed length control field 00660nam a22001457a 4500
020 ## - INTERNATIONAL STANDARD BOOK NUMBER
ISBN 978-0-141-33576-6
082 ## - DEWEY DECIMAL CLASSIFICATION NUMBER
Classification number 823
Item number RIO/H
100 ## - MAIN ENTRY--AUTHOR NAME
Personal name RIORDAN, RICK
245 ## - TITLE STATEMENT
Title HEROES OF OLYMPUS
Remainder of title THE MARK OF ATHENA
260 ## - PUBLICATION, DISTRIBUTION, ETC. (IMPRINT)
Place of publication UNITED KINGDOM
Name of publisher PUFFIN BOOKS
Year of publication 2013
300 ## - PHYSICAL DESCRIPTION
Number of Pages 584
520 ## - SUMMARY, ETC.
Summary, etc The novel begins by introducing Jason Grace, Piper McLean and Leo Valdez, three newly discovered demigods who travel to Camp Half-Blood in response to a prophecy. They set off on a quest to prevent the rebirth of the giant king Porphyrion and rescue Piper's father, who has been kidnapped by another giant, Enceladus.
650 ## - SUBJECT ADDED ENTRY--TOPICAL TERM
Topical Term NOVEL
Geographic subdivision UNITED KINGDOM
942 ## - ADDED ENTRY ELEMENTS (KOHA)
Koha item type Books
Holdings
Withdrawn status Lost status Collection code Home library Current library Shelving location Date acquired Source of acquisition Cost, normal purchase price Full call number Accession Number Koha item type
    Fiction Main Library Main Library SHELF-14-K- ALPHABETICAL- R --ENGLISH NOVELS & FICTIONS 12/11/2022 purchase 399.00 823 RIO/H 12735 Books